[Event "Barcelona Sant Marti op-B 16th"]
[Site "Barcelona"]
[Date "2014.07.18"]
[Round "6"]
[White "Mir Bellmunt, Jose"]
[Black "Cassi Gimeno, Jordi"]
[Result "1/2-1/2"]
[WhiteElo "1758"]
[BlackElo "1700"]
[PlyCount "54"]
[EventDate "2014.07.13"]
[EventType "swiss"]
[EventRounds "9"]
[EventCountry "ESP"]
[SourceTitle "CBM 161 Extra"]
[Source "ChessBase"]
[SourceDate "2014.08.29"]
[SourceVersion "1"]
[SourceVersionDate "2014.08.29"]
[SourceQuality "1"]

1. e4 c5 2. d4 cxd4 3. Qxd4 Nc6 4. Qe3 d6 5. Nf3 e5 6. Nc3 Nf6 7. h3 a6 8. a3 Be7 9. Bc4 b5 10. Ba2 0-0 11. 0-0 Bb7 12. b4 Rc8 13. Bb2 Qc7 14. Rac1 h6 15. Nd5 Nxd5 16. Bxd5 Bf6 17. c4 Qd7 18. cxb5 axb5 19. Qd3 Nd8 20. Rxc8 Bxc8 21. Bb3 Ne6 22. Rd1 Rd8 23. Bxe6 fxe6 24. Nh2 h5 25. Qe2 g6 26. g4 h4 27. Nf3 g5 1/2-1/2

[Event "Barcelona Sant Marti op-B 16th"]
[Site "Barcelona"]
[Date "2014.07.14"]
[Round "2"]
[White "Mir Bellmunt, Jose"]
[Black "Albert Estebanez, Carles"]
[Result "0-1"]
[WhiteElo "1758"]
[BlackElo "1890"]
[PlyCount "52"]
[EventDate "2014.07.13"]
[EventType "swiss"]
[EventRounds "9"]
[EventCountry "ESP"]
[SourceTitle "CBM 161 Extra"]
[Source "ChessBase"]
[SourceDate "2014.08.29"]
[SourceVersion "1"]
[SourceVersionDate "2014.08.29"]
[SourceQuality "1"]

1. e4 c5 2. Nc3 e6 3. Nf3 Ne7 4. d4 cxd4 5. Nxd4 Nbc6 6. Be3 g6 7. Be2 Bg7 8. 0-0 d5 9. Nxc6 bxc6 10. exd5 cxd5 11. Bc5 Qc7 12. Bxe7 Qxe7 13. Qd3 0-0 14. Nd1 a5 15. c3 Ba6 16. Qf3 a4 17. a3 Rfb8 18. Bxa6 Rxa6 19. Qe2 Rab6 20. Rb1 Rb3 21. Re1 Rxa3 22. bxa3 Rxb1 23. Qc2 Qb7 24. Qxa4 Bxc3 25. Re3 d4 26. Rd3 Qe4 0-1

[Event "Barcelona Sant Marti op-B 16th"]
[Site "Barcelona"]
[Date "2014.07.13"]
[Round "1"]
[White "Perez Garcia, Adria"]
[Black "Mir Bellmunt, Jose"]
[Result "1-0"]
[WhiteElo "1979"]
[BlackElo "1758"]
[PlyCount "87"]
[EventDate "2014.07.13"]
[EventType "swiss"]
[EventRounds "9"]
[EventCountry "ESP"]
[SourceTitle "CBM 161 Extra"]
[Source "ChessBase"]
[SourceDate "2014.08.29"]
[SourceVersion "1"]
[SourceVersionDate "2014.08.29"]
[SourceQuality "1"]

1. e4 d5 2. exd5 Qxd5 3. Nc3 Qa5 4. d4 c6 5. Nf3 Qc7 6. g3 Nf6 7. Bg2 Bg4 8. 0-0 e6 9. Re1 Bb4 10. Bf4 Qd8 11. a3 Ba5 12. h3 Bxf3 13. Bxf3 Nd5 14. Nxd5 cxd5 15. c3 0-0 16. Qb3 Qd7 17. Be2 Nc6 18. Bd3 Ne7 19. Qc2 Ng6 20. Be5 Bc7 21. f4 f5 22. Bxc7 Qxc7 23. Rxe6 Ne7 24. Rae1 Rf7 25. Bxf5 Nxf5 26. Re8+ Rf8 27. Rxa8 Rxa8 28. Qxf5 Rd8 29. Qe5 Qd7 30. Qe6+ Qxe6 31. Rxe6 Rd7 32. Kf2 Kf7 33. Re5 a6 34. Kf3 h6 35. g4 Kf6 36. f5 Rd6 37. Kf4 Rb6 38. Re2 Rb3 39. h4 Kf7 40. a4 Rb6 41. Ke5 g5 42. h5 Rf6 43. Kxd5 Rc6 44. Re6 1-0

[Event "Foment Martinenc op-C 16th"]
[Site "Barcelona"]
[Date "2014.05.10"]
[Round "3"]
[White "Mir Bellmunt, Jose"]
[Black "Sama Rubio, Sergio"]
[Result "1-0"]
[WhiteElo "1736"]
[BlackElo "1700"]
[PlyCount "75"]
[EventDate "2014.04.26"]
[EventType "swiss"]
[EventRounds "9"]
[EventCountry "ESP"]
[SourceTitle "EXT 2015"]
[Source "ChessBase"]
[SourceDate "2014.11.20"]
[SourceVersion "1"]
[SourceVersionDate "2014.11.20"]
[SourceQuality "1"]

1. e4 e5 2. Nc3 Nc6 3. Nf3 Nf6 4. Bb5 Nd4 5. Nxe5 Nxb5 6. Nxb5 Nxe4 7. d3 a6 8. dxe4 axb5 9. 0-0 Qe7 10. Nf3 g6 11. Qe2 f5 12. Qxb5 fxe4 13. Re1 c6 14. Qb3 d5 15. Nd4 Bg7 16. Ne2 0-0 17. Ng3 Be6 18. Qe3 Be5 19. f3 exf3 20. gxf3 Bxg3 21. hxg3 Rf6 22. b3 Raf8 23. f4 Qd6 24. Bb2 Rf5 25. Qxe6+ Qxe6 26. Rxe6 Kf7 27. Rae1 g5 28. Re7+ Kg6 29. Rxb7 gxf4 30. Rf1 fxg3 31. Rxf5 Rxf5 32. Bd4 h5 33. Rg7+ Kh6 34. Rxg3 h4 35. Rh3 Kh5 36. Rc3 Rf4 37. Bf2 h3 38. Rxh3+ 1-0

[Event "Foment Martinenc op-C 16th"]
[Site "Barcelona"]
[Date "2014.04.26"]
[Round "1"]
[White "Mir Bellmunt, Jose"]
[Black "Riu Borge, Albert"]
[Result "1-0"]
[WhiteElo "1736"]
[BlackElo "1700"]
[PlyCount "77"]
[EventDate "2014.04.26"]
[EventType "swiss"]
[EventRounds "9"]
[EventCountry "ESP"]
[SourceTitle "EXT 2015"]
[Source "ChessBase"]
[SourceDate "2014.11.20"]
[SourceVersion "1"]
[SourceVersionDate "2014.11.20"]
[SourceQuality "1"]

1. e4 e5 2. Nc3 Nc6 3. f4 Bc5 4. Nf3 d6 5. fxe5 dxe5 6. Bb5 f6 7. a3 a6 8. Bxc6+ bxc6 9. b4 Ba7 10. Bb2 Bg4 11. Qe2 Ne7 12. 0-0-0 Bd4 13. h3 Be6 14. Nxd4 Qxd4 15. Na4 Qd8 16. Nc5 Qc8 17. Rhf1 0-0 18. Rf2 Ng6 19. Nxe6 Qxe6 20. Kb1 Qe7 21. d4 Rfb8 22. dxe5 Nxe5 23. Bxe5 Qxe5 24. Qc4+ Kf8 25. Qxc6 Rb6 26. Qd5 Qe8 27. Rfd2 Rb5 28. Qc4 c5 29. c3 Rc8 30. Qd3 cxb4 31. cxb4 a5 32. Qd6+ Kg8 33. Rd4 h6 34. a4 Rc6 35. Qd8 Rb8 36. Qxa5 Kh8 37. Rd8 Rc1+ 38. Kxc1 Rc8+ 39. Rxc8 1-0